Architectural theory / (Record no. 30954)

MARC details
000 -LEADER
fixed length control field 02210aam a2200385 i 4500
001 - CONTROL NUMBER
control field ocm57352756
003 - CONTROL NUMBER IDENTIFIER
control field EG-ScBUE
005 - DATE AND TIME OF LATEST TRANSACTION
control field 20250511085457.0
008 - FIXED-LENGTH DATA ELEMENTS--GENERAL INFORMATION
fixed length control field 041227m20062008maua f b 001 0 eng d
020 ## - INTERNATIONAL STANDARD BOOK NUMBER
International Standard Book Number 9781405102605 (Vol. 2)
020 ## - INTERNATIONAL STANDARD BOOK NUMBER
International Standard Book Number 9781405102582 (Vol. 1)
035 ## - SYSTEM CONTROL NUMBER
System control number (OCoLC)ocm57352756
040 ## - CATALOGING SOURCE
Original cataloging agency DLC
Language of cataloging eng
Description conventions rda
Transcribing agency DLC
Modifying agency BWKUK
-- BAKER
-- PUL
-- MDY
-- YBM
-- NLGGC
-- BTCTA
-- YDXCP
-- STF
-- LVB
-- CLU
-- YUS
-- MUQ
-- OXF
-- IG#
-- TTS
-- OCLCQ
-- GZM
-- TULIB
-- OCLCO
-- OCLCF
-- UPX
-- IUL
-- NJI
-- OCLCO
-- OCLCQ
-- AHS
-- OCLCQ
-- I8M
-- EG-ScBUE
082 04 - DEWEY DECIMAL CLASSIFICATION NUMBER
Classification number 720.1
Edition number 22
Item number ARC
245 00 - TITLE STATEMENT
Title Architectural theory /
Statement of responsibility, etc edited by Harry Francis Mallgrave.
264 #1 - PUBLICATION, DISTRIBUTION, ETC. (IMPRINT)
Place of publication, distribution, etc Malden, MA :
Name of publisher, distributor, etc Blackwell Publishing,
Date of publication, distribution, etc [2006-2008]
264 #4 - PUBLICATION, DISTRIBUTION, ETC. (IMPRINT)
Date of publication, distribution, etc c2006-2008
300 ## - PHYSICAL DESCRIPTION
Extent 2 volumes :
Other physical details illustrations ;
Dimensions 26 cm
336 ## - CONTENT TYPE
Content type term text
Content type code txt
Source rdacontent
337 ## - MEDIA TYPE
Media type term unmediated
Media type code n
Source rdamedia
338 ## - CARRIER TYPE
Carrier type term volume
Carrier type code nc
Source rdacarrier
504 ## - BIBLIOGRAPHY, ETC. NOTE
Bibliography, etc Includes bibliographical references and index.
505 0# - FORMATTED CONTENTS NOTE
Formatted contents note Volume 1. An anthology from Vitruvius to 1870 -- Volume 2. An anthology from 1871-2005
520 ## - SUMMARY, ETC.
Summary, etc "The present volume, which is the first of two, begins with theory in ancient and classical times and concludes in 1870"--Page [xxiii]. "[This volume], along with the forthcoming second volume, covering 1870 to 2000, is an indispensable reference for any student or scholar of architecture. Organized thematically, it features general and section introductions and headnotes to each essay written by a renowned expert on architectural theory"--Back cover.
650 #7 - SUBJECT ADDED ENTRY--TOPICAL TERM
Topical term or geographic name as entry element Architecture
General subdivision Philosophy.
Source of heading or term BUEsh
653 ## - INDEX TERM--UNCONTROLLED
Arrived date list May2025
Resource For college Arts and Design
655 ## - INDEX TERM--GENRE/FORM
Form subdivision Reading book
700 1# - ADDED ENTRY--PERSONAL NAME
Personal name Mallgrave, Harry Francis,
Relator term editor
776 08 - ADDITIONAL PHYSICAL FORM ENTRY
Display text Online version:
Title Architectural theory.
Place, publisher, and date of publication Malden, MA : Blackwell Pub., 2006-<2008>
Record control number (OCoLC)681101621
856 41 - ELECTRONIC LOCATION AND ACCESS
Materials specified Table of contents
Uniform Resource Identifier <a href="http://catdir.loc.gov/catdir/toc/ecip055/2004030886.html">http://catdir.loc.gov/catdir/toc/ecip055/2004030886.html</a>
856 42 - ELECTRONIC LOCATION AND ACCESS
Materials specified Contributor biographical information
Uniform Resource Identifier <a href="http://catdir.loc.gov/catdir/enhancements/fy0802/2004030886-b.html">http://catdir.loc.gov/catdir/enhancements/fy0802/2004030886-b.html</a>
856 42 - ELECTRONIC LOCATION AND ACCESS
Materials specified Publisher description
Uniform Resource Identifier <a href="http://catdir.loc.gov/catdir/enhancements/fy0802/2004030886-d.html">http://catdir.loc.gov/catdir/enhancements/fy0802/2004030886-d.html</a>
880 1# - ALTERNATE GRAPHIC REPRESENTATION
Linkage 700-01
a Κοντανδριοπούλου, Χριστίνα.
4 edt
942 ## - ADDED ENTRY ELEMENTS (KOHA)
Source of classification or shelving scheme Dewey Decimal Classification
Koha item type Book - Borrowing
Holdings
Withdrawn status Lost status Source of classification or shelving scheme Damaged status Not for loan Collection code Home library Current library Shelving location Date acquired Source of acquisition Cost, normal purchase price Serial Enumeration / chronology Total Checkouts Full call number Barcode Date last seen Cost, replacement price Price effective from Koha item type Public note
    Dewey Decimal Classification     Baccah Central Library Central Library Second Floor 11/05/2025 Purchase 2429.00 39223   720.1 ARC 000057303 15/07/2025 3036.25 11/05/2025 Book - Borrowing Vol. 2
    Dewey Decimal Classification     Baccah Central Library Central Library Second Floor 11/05/2025 Purchase 2300.00 39223   720.1 ARC 000057305 15/07/2025 2875.00 11/05/2025 Book - Borrowing Vol. 1